zpět

Detail výsledku týmu

Dělnický dům, Jihlava

Datum a čas kvízu

27.5 Celkem bodů Celkový počet nahraných bodů na tomto kvízu bez doplňovacích otázek.
4. Pořadí na kvízu Konečné umístění týmu na tomto kvízu.

Zaznamenané odpovědi

# Otázka Odpověď Body Výsledky
1. Český marketér a komentátor Ma... 1
2. Pět nenechavců ve Španělsku se... 1
3. Ve čtvrtek přišel do kin celov... 1
4. Česká pošta od 1. února zvýšil... 1
5. V českém olympijském domě v Pc... 0
6. Toto téma jste si na facebooko... 1
7. Přiřaďte k sobě správně české... 1
5. U prvních sedmi párů žeber při... 1
5. Jsou-li splněny všechny ostatn... 0
5. Jak se jmenuje druhá největší... 0